Retrato hablado de Luisa Julián : memorias de una guerra /
Na minha lista:
| Autor principal: | |
|---|---|
| Outros Autores: | |
| Formato: | Livro |
| Idioma: | espanhol |
| Publicado em: |
México :
CONACULTA,
2005, c2005
|
| Colecção: | (Lecturas Mexicanas. Cuarta Serie)
|
| Assuntos: | |
| Tags: |
Sem tags, seja o primeiro a adicionar uma tag!
|
MARC
| LEADER | 00000nam^a2200000^a^4500 | ||
|---|---|---|---|
| 001 | 000187326 | ||
| 005 | 20250521000000.0 | ||
| 009 | 20260310102258.034 | ||
| 020 | |a 970-35-0924-X | ||
| 037 | |a Acervo ITESO - Biblioteca | ||
| 041 | |a ESP | ||
| 082 | |a 868. |b LEC S. 4 V. 35 | ||
| 100 | |a Arnaiz Amigo, Aurora |e (autor) | ||
| 245 | 1 | 0 | |a Retrato hablado de Luisa Julián : |b memorias de una guerra / |c A. Arnaiz Amigo ; pról. de L. Margues Coben. |
| 264 | 4 | |a México : |b CONACULTA, |c 2005, c2005 | |
| 300 | |a 322 p. | ||
| 336 | |a texto |b txt |2 rdacontenido | ||
| 337 | |a sin mediación |b n |2 rdamedio | ||
| 338 | |a volumen |b nc |2 rdasoporte | ||
| 440 | 1 | |a (Lecturas Mexicanas. |p Cuarta Serie) | |
| 649 | |a XX | ||
| 650 | |a Abogados Españoles - |z Memorias | ||
| 650 | |a Mujeres Españolas - |x Memorias | ||
| 650 | |a Refugiados Políticos Españoles - |x Memorias | ||
| 650 | |a Españoles en México - |x Memorias | ||
| 650 | |a Extranjeros en México - |x Memorias | ||
| 650 | |a Migrantes Españoles - |z México | ||
| 650 | |a Exilio Español en México - |x Tema Principal | ||
| 650 | |a Emigración - |z España | ||
| 650 | |a Inmigración - |z México | ||
| 650 | |a Migración - |z México-España | ||
| 650 | |a Política Exterior - |z México - |x Historia - |y Régimen Cardenista, 1934-1940 | ||
| 650 | |a Política Exterior - |z México - |x Historia - |y Siglo XX | ||
| 650 | |a Política - |z México - |x Historia - |y Régimen Cardenista, 1934-1940 | ||
| 650 | |a Política - |z México - |x Historia - |y Siglo XX | ||
| 650 | |a Política - |z España - |x Historia - |y Guerra Civil, 1936-1939 | ||
| 650 | |a Política - |z España - |x Historia - |y República, 1931-1939 | ||
| 650 | |a Política - |z España - |x Historia - |y Franquismo, 1939-1975 | ||
| 650 | |a Política - |z España - |x Historia - |y Siglo XX | ||
| 650 | |a México - |x Historia - |y Régimen Cardenista, 1934-1940 | ||
| 650 | |a México - |x Historia - |y Siglo XX | ||
| 650 | |a España - |x Historia - |y Guerra Civil, 1936-1939 | ||
| 650 | |a España - |x Historia - |y República, 1931-1939 - |x Tema Principal | ||
| 650 | |a España - |x Historia - |y Franquismo, 1939-1975 | ||
| 650 | |a España - |x Historia - |y Siglo XX | ||
| 650 | |a Arnaiz Amigo, Aurora - |x Tema Principal | ||
| 700 | |a Margules Coben, Ludwik |e (prólogo) | ||
| 910 | |a Fondo General | ||
| 920 | |a Impresos - Libros | ||
| 930 | |a Colección General | ||
| 940 | |a Literatura | ||
| 905 | |a 101 | ||
| 901 | |a 0500129379 |b IT1 |c LIT |u 20250521 | ||
| 902 | |a https://opac.biblio.iteso.mx/vufind/Record/000187326 | ||